000 02364nam a2200433 c 4500
999 _c204389
_d204389
003 BLK
005 20240704005341.0
008 180411b bul|||||r ||||||| ||bul||
010 _aKNG00213948000
040 _aBLK
041 _aBUL
_cBUL
072 7 _2bullib
_aА
_xФонд Михаил Арнаудов
072 7 _2bullib
_aЯ
_xАвтографи
080 _aБългарска литература
_b821.163.2
_x(092)
_z821.163.2(092)
080 _aБългарски писател, адвокат и общественик (1863-1897)
_b929 Константинов, Алеко Иваницов
_z929 Константинов, Алеко Иваницов
100 1 _aИванова, Екатерина Емануилова
_eпърви автор
_9376848
139 _aИванова, Екатерина Емануилова
_bК 82
245 1 0 _aАлеко Константинов в семейна и роднинска среда
_cЕкатерина Емануилова Иванова.
257 _aBGR
260 _c1939
_fСофия : Придворна печ.
300 _a48 с.
_bс портр.
_c24 см
380 _a82
490 _9396381
_aЧастна колекция - Академик Михаил Арнаудов
_gДарение - Основен фонд
500 _aФонд Михаил Арнаудов - ръкопис-писъмце със следното съдържание: Любезни Мишо, Пращам ти настоящата книга, написана от сестра ми която изгуби напълно зрение, като вярвам, че ще те интерисува. С поздрав: Т. Козаров ; Автограф с текст: На проф. М. Арнаудов от Авторката ; Към инв. № 820201 автограф на Михаил Арнаудов и лист от вестник на 43 с.
653 _aАлеко Константинов
653 _aсемейство
659 _aА
659 _aЯ
852 _aЦб 8.245.7009
852 _aМА 1519
_bМА
856 4 _qpdf
856 4 _qpdf
942 _cKNG
_n0
_s1
944 _aCR
_c07.11.2017
_k
_lCRON CRON
944 _aED
_c07.11.2017
_kГеновева_Генчева
999 _d204389
999 _d204389
999 _d204389